000 00652nam a2200181 4500
001 122340
003 ES-MaACL
005 20230906191946.0
007 t|
008 070214s1976 sp r ||||1| spa d
100 1 _aPrieto Escudero, Germán.
_993926
245 1 0 _aVigencia sociopolítica del tradicionalista neocatolicismo /
_cGermán Prieto Escudero.
260 _aMadrid :
_bInstituto de Estudios Políticos,
_c1976.
300 _a10 h. ;
_c24 cm.
500 _aEs tirada aparte de: Revista de Estudios Políticos, nº 205, pp. 203 - 221.
710 2 _aInstituto de Estudios Políticos (Madrid)
_94924
852 _aES-MaACL
_j2103-F-19
_bR.94631
999 _c122340
_d122340